[Event "Tashkent (Women) 2nd"]
[Site "Tashkent"]
[Date "2024.03.06"]
[Round "1"]
[White "Liashkevich, Lizaveta"]
[Black "Sukandar, Irine Kharisma"]
[Result "0-1"]
[WhiteElo "1895"]
[BlackElo "2349"]
[PlyCount "76"]
[EventDate "2024.03.06"]
[EventType "swiss"]
[EventRounds "9"]
[EventCountry "UZB"]
[SourceTitle "CB12_2024"]
[SourceDate "2023.10.01"]
[SourceVersion "1"]
[SourceVersionDate "2023.10.01"]
[SourceQuality "1"]

1. d4 Nf6 2. Nf3 e6 3. c4 d5 4. Nc3 Nbd7 5. Bf4 Bb4 6. e3 c5 7. a3 Bxc3+ 8. bxc3 Qa5 9. Qb3 0-0 10. Rc1 b6 11. cxd5 exd5 12. Be2 Ba6 13. Ne5 Bxe2 14. Kxe2 Qa6+ 15. Kf3 Ne4 16. Rhd1 Ndf6 17. a4 g5 18. Bg3 h5 19. h3 Qc8 20. Ke2 Qf5 21. Rf1 Rac8 22. h4 cxd4 23. cxd4 Rxc1 24. Rxc1 Nxg3+ 25. fxg3 Ne4 26. Qd1 Qf2+ 27. Kd3 f6 28. Nc6 Re8 29. Qe2 Qf5 30. Rf1 Qg6 31. Qf3 Nxg3+ 32. Kd2 Nxf1+ 33. Qxf1 gxh4 34. Nxa7 Qg5 35. Qf3 Ra8 36. Nc6 Rxa4 37. Ne7+ Kf7 38. Nxd5 Rxd4+ 0-1

[Event "Minsk Bronstein 100 Memorial op"]
[Site "Minsk"]
[Date "2024.02.17"]
[Round "3"]
[White "Liashkevich, Lizaveta"]
[Black "Trifonov, Denis"]
[Result "0-1"]
[WhiteElo "1825"]
[BlackElo "2163"]
[PlyCount "25"]
[EventDate "2024.02.17"]
[EventType "swiss"]
[EventRounds "10"]
[EventCountry "BLR"]
[SourceTitle "CB08_2024"]
[SourceDate "2024.02.21"]
[SourceVersion "1"]
[SourceVersionDate "2024.02.21"]
[SourceQuality "1"]

1. d4 Nf6 2. Nf3 e6 3. c4 d5 4. Nc3 Nc6 5. Bf4 Bb4 6. e3 Ne4 7. Qc2 g5 8. Be5 f6 9. Bg3 h5 10. h3 Bxc3+ 11. bxc3 Nxg3 12. fxg3 Kf7 13. Bd3 0-1

[Event "Wch U14 Girls blitz"]
[Site "Batumi"]
[Date "2023.06.11"]
[Round "8"]
[White "Liashkevich, Lizaveta"]
[Black "Agamyradova, Mahri"]
[Result "0-1"]
[WhiteElo "1664"]
[BlackElo "1609"]
[PlyCount "106"]
[EventDate "2023.06.10"]
[EventType "swiss (blitz)"]
[EventRounds "11"]
[EventCountry "GEO"]
[SourceTitle "EXT 2024"]
[Source "ChessBase"]
[SourceDate "2023.10.10"]
[SourceVersion "1"]
[SourceVersionDate "2023.10.10"]
[SourceQuality "1"]
[WhiteTeam "FIDE"]
[BlackTeam "Turkmenistan"]
[BlackTeamCountry "TKM"]

1. d4 Nf6 2. Nf3 e6 3. c4 d5 4. Nc3 Be7 5. Bf4 dxc4 6. e3 0-0 7. Bxc4 c6 8. 0-0 Nh5 9. Bg3 Nxg3 10. hxg3 Nd7 11. Bd3 Nf6 12. Qe2 b6 13. Rac1 Bb7 14. e4 c5 15. e5 Nd5 16. dxc5 Bxc5 17. Rfd1 Qe7 18. Ne4 Rac8 19. a3 a5 20. Nxc5 Rxc5 21. Rxc5 Qxc5 22. Qe4 g6 23. Qh4 Kg7 24. Ng5 h6 25. Ne4 Qe7 26. Qg4 Rd8 27. Nd6 Bc6 28. Ne4 Bb7 29. Bc4 Ne3 30. fxe3 Rxd1+ 31. Qxd1 Bxe4 32. Qd4 Qb7 33. Bf1 Qc6 34. a4 Bd5 35. Qd1 Qc5 36. Kf2 Bc6 37. Qd4 Qxd4 38. exd4 Bxa4 39. Ke3 Bc6 40. Kd2 Bd5 41. Kc3 Kf8 42. b4 Ke7 43. bxa5 bxa5 44. g4 Kd7 45. Kb2 Kc6 46. Ka3 Kb6 47. Ka4 Bc6+ 48. Ka3 Bb5 49. Bxb5 Kxb5 50. Kb3 a4+ 51. Ka3 Kc4 52. Kxa4 Kxd4 53. Kb5 Kxe5 0-1

[Event "Wch U14 Girls rapid"]
[Site "Batumi"]
[Date "2023.06.07"]
[Round "4"]
[White "Liashkevich, Lizaveta"]
[Black "Shukhman, Anna"]
[Result "0-1"]
[WhiteElo "1685"]
[BlackElo "2123"]
[PlyCount "136"]
[EventDate "2023.06.06"]
[EventType "swiss (rapid)"]
[EventRounds "11"]
[EventCountry "GEO"]
[SourceTitle "EXT 2024"]
[Source "ChessBase"]
[SourceDate "2023.10.10"]
[SourceVersion "1"]
[SourceVersionDate "2023.10.10"]
[SourceQuality "1"]
[WhiteTeam "FIDE"]
[BlackTeam "FIDE"]

1. d4 Nf6 2. c4 g6 3. Nc3 d5 4. Nf3 Bg7 5. Bg5 Ne4 6. cxd5 Nxg5 7. Nxg5 e6 8. Nf3 exd5 9. e3 c6 10. b4 0-0 11. Be2 Bf5 12. 0-0 Nd7 13. b5 Qe7 14. bxc6 bxc6 15. Rc1 Rab8 16. Bd3 Bxd3 17. Qxd3 Qa3 18. Qd2 Rb2 19. Rc2 Rfb8 20. Ne1 Rxc2 21. Nxc2 Qa5 22. Qd3 Rb2 23. Na1 Nb6 24. Nb3 Qb4 25. Rb1 Rxb1+ 26. Nxb1 Nc4 27. Qc3 Qa4 28. Qc2 Qb4 29. N1d2 a5 30. Nf3 Bf8 31. g3 a4 32. Nc1 a3 33. Nb3 Qa4 34. Qc1 Bd6 35. Kg2 Kg7 36. Ne1 Nb2 37. Nf3 Nd3 38. Qd2 Nb4 39. Ne1 Qb5 40. Kg1 Qc4 41. Kg2 h5 42. h4 Bc7 43. Kg1 Bd6 44. Kg2 c5 45. Kg1 cxd4 46. exd4 Be7 47. Kg2 Bf6 48. Kg1 Nc6 49. Nf3 Qb4 50. Qd1 Qc3 51. Kg2 Nb4 52. Qe2 Qb2 53. Qxb2 axb2 54. Nbd2 Nxa2 55. Nb1 Nb4 56. Kf1 Nc2 57. Nfd2 Nxd4 58. Ke1 Nb5 59. Kd1 Bd4 60. Ke2 Kf6 61. f3 Ke5 62. f4+ Kf5 63. Kf3 Nc3 64. Nxc3 Bxc3 65. Nb1 d4 66. Ke2 Kg4 67. Kf2 Bb4 68. Ke2 Kxg3 0-1

[Event "BLR-ch U20 Girls"]
[Site "Minsk"]
[Date "2023.04.12"]
[Round "1"]
[White "Liashkevich, Lizaveta"]
[Black "Zeliantsova, Kseniya"]
[Result "1-0"]
[WhiteElo "1705"]
[BlackElo "2071"]
[PlyCount "79"]
[EventDate "2023.04.12"]
[EventType "tourn"]
[EventRounds "9"]
[EventCountry "BLR"]
[SourceTitle "EXT 2024"]
[Source "ChessBase"]
[SourceDate "2023.10.10"]
[SourceVersion "1"]
[SourceVersionDate "2023.10.10"]
[SourceQuality "1"]

1. d4 Nf6 2. c4 d6 3. Nf3 Nbd7 4. Nc3 e5 5. e4 exd4 6. Nxd4 Nc5 7. f3 Be7 8. Be2 0-0 9. 0-0 a5 10. Be3 c6 11. b3 Re8 12. Qc2 Bf8 13. Rfd1 Bd7 14. Bf2 Qc7 15. a3 Na6 16. Bf1 Rab8 17. Rab1 Qc8 18. Qd2 d5 19. cxd5 Bxa3 20. dxc6 Bxc6 21. e5 Nh5 22. Nxc6 bxc6 23. g4 Bb4 24. gxh5 Nc7 25. Qc2 Rxe5 26. Ne4 c5 27. Nd6 Qf8 28. Bg3 Rxh5 29. Nxf7 Ne6 30. Bxb8 Qxb8 31. Nd6 Nd4 32. Qc4+ Kh8 33. Nf7+ Kg8 34. Ne5+ Kh8 35. f4 h6 36. Rb2 Qc8 37. Rg2 Qc7 38. Nf7+ Kh7 39. Bd3+ Nf5 40. Nd6 1-0

[Event "BLR-ch U20 Girls"]
[Site "Minsk"]
[Date "2022.04.22"]
[Round "11"]
[White "Venskaya, Nika"]
[Black "Liashkevich, Lizaveta"]
[Result "1/2-1/2"]
[WhiteElo "1282"]
[BlackElo "1638"]
[PlyCount "60"]
[EventDate "2022.04.13"]
[EventType "tourn"]
[EventRounds "11"]
[EventCountry "BLR"]
[SourceTitle "CBM 208 Extra"]
[Source "ChessBase"]
[SourceDate "2022.07.31"]
[SourceVersion "1"]
[SourceVersionDate "2022.07.31"]
[SourceQuality "1"]

1. d4 d5 2. Nf3 Nf6 3. e3 c5 4. b3 e6 5. Bb2 Nc6 6. a3 Bd6 7. Ne5 Qc7 8. f4 0-0 9. Nd2 Ne8 10. Bd3 Ne7 11. g3 f6 12. Nef3 Nc6 13. 0-0 e5 14. fxe5 fxe5 15. dxe5 Nxe5 16. Nxe5 Rxf1+ 17. Nxf1 Bxe5 18. Qh5 Bf5 19. Qxf5 Bxb2 20. Ra2 Qe5 21. Qxh7+ Kf8 22. c4 Qc3 23. cxd5 Qxb3 24. Qh8+ Kf7 25. Qh5+ Kf8 26. Qh8+ Kf7 27. Qh5+ Kf8 28. Bc4 Qc3 29. Qf3+ Nf6 30. Qe2 Bxa3 1/2-1/2

[Event "BLR-ch U20 Girls"]
[Site "Minsk"]
[Date "2022.04.18"]
[Round "7"]
[White "Tarasenka, Aliaksandra"]
[Black "Liashkevich, Lizaveta"]
[Result "1-0"]
[WhiteElo "2047"]
[BlackElo "1638"]
[PlyCount "65"]
[EventDate "2022.04.13"]
[EventType "tourn"]
[EventRounds "11"]
[EventCountry "BLR"]
[SourceTitle "CBM 208 Extra"]
[Source "ChessBase"]
[SourceDate "2022.07.31"]
[SourceVersion "1"]
[SourceVersionDate "2022.07.31"]
[SourceQuality "1"]

1. e4 c5 2. Nf3 a6 3. c3 d5 4. exd5 Qxd5 5. d4 Nf6 6. Be3 cxd4 7. cxd4 e6 8. Nc3 Qd6 9. Bd3 Nc6 10. a3 Be7 11. 0-0 0-0 12. Qc2 h6 13. Rac1 Rd8 14. Rfd1 Bf8 15. Ne5 Bd7 16. f4 Be8 17. Qf2 b5 18. g4 b4 19. Ne4 Nxe4 20. Bxe4 Rac8 21. Nc4 Qb8 22. f5 exf5 23. gxf5 Qb5 24. a4 Qb8 25. f6 g6 26. a5 Na7 27. Ne5 Rxc1 28. Rxc1 Kh7 29. Bf4 Rc8 30. Nxg6 Rxc1+ 31. Kg2 Bd6 32. Ne7+ Kh8 33. Qg3 1-0

[Event "BLR-ch (Women)"]
[Site "Minsk"]
[Date "2022.01.19"]
[Round "9"]
[White "Liashkevich, Lizaveta"]
[Black "Zeliantsova, Kseniya"]
[Result "0-1"]
[WhiteElo "1584"]
[BlackElo "1953"]
[PlyCount "80"]
[EventDate "2022.01.11"]
[EventType "tourn"]
[EventRounds "9"]
[EventCountry "BLR"]
[SourceTitle "CBM 206 Extra"]
[Source "ChessBase"]
[SourceDate "2022.03.31"]
[SourceVersion "1"]
[SourceVersionDate "2022.03.31"]
[SourceQuality "1"]

1. d4 d6 2. c4 g6 3. Nf3 Bg7 4. e4 Nd7 5. Nc3 e5 6. Be2 Ne7 7. dxe5 dxe5 8. h4 h6 9. h5 g5 10. 0-0 0-0 11. Be3 f5 12. exf5 Nxf5 13. Qd2 c6 14. c5 Qe7 15. Bc4+ Kh8 16. Ne4 Nf6 17. Nd6 Nxh5 18. Rfe1 Be6 19. Bxe6 Qxe6 20. Nxb7 Nxe3 21. Rxe3 Nf4 22. Nh2 Nd5 23. Re2 Qf7 24. Nd6 Qh5 25. Rae1 Rab8 26. b3 Nf4 27. Re4 Ne6 28. b4 Nd4 29. Nc4 Rbd8 30. Qb2 Rf4 31. g3 Rxe4 32. Rxe4 Qh3 33. Qc3 Qf5 34. Qe3 Nc2 35. Qe2 Rd4 36. f3 Nxb4 37. a3 Nd5 38. Ng4 Nc3 39. Qe1 Rd1 40. Qxd1 Nxd1 0-1

[Event "BLR-ch U20 Girls"]
[Site "Minsk"]
[Date "2021.04.19"]
[Round "4"]
[White "Liashkevich, Lizaveta"]
[Black "Halouchyts, Karalina"]
[Result "0-1"]
[WhiteElo "1401"]
[BlackElo "1765"]
[PlyCount "92"]
[EventDate "2021.04.16"]
[EventType "tourn"]
[EventRounds "7"]
[EventCountry "BLR"]
[SourceTitle "EXT 2022"]
[Source "ChessBase"]
[SourceDate "2021.10.06"]
[SourceVersion "1"]
[SourceVersionDate "2021.10.06"]
[SourceQuality "1"]

1. d4 Nf6 2. c4 g6 3. Nc3 Bg7 4. e4 d6 5. f3 0-0 6. Be3 Nc6 7. Qd2 a6 8. Nge2 Rb8 9. Nc1 e5 10. d5 Nd4 11. Nb3 Nxb3 12. axb3 c5 13. Be2 Ne8 14. 0-0 f5 15. f4 Nc7 16. fxe5 Bxe5 17. Bg5 Qe8 18. Bd3 b5 19. Rae1 bxc4 20. bxc4 Na8 21. Kh1 Nb6 22. Bh6 Rf7 23. exf5 Bxf5 24. Bxf5 Rxf5 25. Qd3 Qd7 26. b3 Qf7 27. Ne4 Nd7 28. Ng5 Qf6 29. g4 Rf2 30. h3 Qf4 31. Rxf2 Qxf2 32. Nf3 Qg3 33. Qe3 Qxh3+ 34. Kg1 Qxg4+ 35. Kh1 Re8 36. Bf4 Rf8 37. Nxe5 dxe5 38. Bxe5 Rf3 39. Qe4 Nxe5 40. Qxg4 Nxg4 41. b4 cxb4 42. c5 Nf6 43. d6 Rc3 44. Re6 Kf7 45. Re7+ Kf8 46. Re6 Nd7 0-1

[Event "Wch-ch U10 Girls rapid"]
[Site "Minsk"]
[Date "2019.08.17"]
[Round "8"]
[White "Satanovskaia, Evgeniia"]
[Black "Liashkevich, Lizaveta"]
[Result "1-0"]
[WhiteElo "1438"]
[BlackElo "1299"]
[PlyCount "65"]
[EventDate "2019.08.16"]
[EventType "swiss (rapid)"]
[EventRounds "9"]
[EventCountry "BLR"]
[SourceTitle "EXT 2020"]
[Source "ChessBase"]
[SourceDate "2019.10.17"]
[SourceVersion "1"]
[SourceVersionDate "2019.10.17"]
[SourceQuality "1"]

1. d4 d5 2. c4 e6 3. Nc3 Nf6 4. cxd5 exd5 5. Bg5 Be7 6. e3 h6 7. Bh4 0-0 8. Qc2 b6 9. Bd3 Bb7 10. Nge2 Nbd7 11. 0-0 c5 12. Rad1 Ne4 13. Bxe4 dxe4 14. Bxe7 Qxe7 15. d5 f5 16. Nf4 Ne5 17. Qb3 Kh7 18. Nce2 Ba6 19. Rfe1 Bd3 20. Qc3 Qf6 21. Ne6 Rf7 22. N2f4 Rd7 23. Nh5 Qg5 24. Nxg5+ hxg5 25. Qxe5 Rf7 26. Rxd3 exd3 27. Qc3 Kh6 28. Ng3 Re8 29. Qxd3 f4 30. Nf5+ Kh5 31. Nd6 Rfe7 32. Qh7+ Kg4 33. Qh3# 1-0

[Event "EU-ch U10 Girls"]
[Site "Bratislava"]
[Date "2019.08.10"]
[Round "9"]
[White "Liashkevich, Lizaveta"]
[Black "Bendik, Margarita"]
[Result "1-0"]
[WhiteElo "1370"]
[BlackElo "1188"]
[PlyCount "99"]
[EventDate "2019.08.02"]
[EventType "swiss"]
[EventRounds "9"]
[EventCountry "SVK"]
[SourceTitle "EXT 2020"]
[Source "ChessBase"]
[SourceDate "2019.10.17"]
[SourceVersion "1"]
[SourceVersionDate "2019.10.17"]
[SourceQuality "1"]

1. d4 d5 2. c4 c6 3. Nc3 Nf6 4. cxd5 cxd5 5. Bf4 Nc6 6. e3 e6 7. Rc1 a6 8. Bd3 Qb6 9. Qd2 Be7 10. Nf3 h6 11. h3 Bd7 12. 0-0 0-0 13. Bb1 Rac8 14. Ne5 Rfd8 15. Rfd1 Bf8 16. Na4 Qa7 17. Nc3 Be8 18. Kh1 g6 19. g4 g5 20. Bh2 Bg7 21. Qe2 Nxe5 22. Bxe5 Nd7 23. Bg3 Nb6 24. b3 Nd7 25. Qd3 Nf8 26. h4 f6 27. h5 Rc6 28. Ne2 Rdc8 29. Rxc6 Bxc6 30. Kh2 Bb5 31. Qd2 Qb6 32. Nc3 Qa5 33. Nxb5 Qxb5 34. Bd3 Qc6 35. f3 Nd7 36. e4 b5 37. exd5 exd5 38. Bf5 Qb7 39. Qe3 Nf8 40. Bxc8 Qxc8 41. Rc1 Qe6 42. Qxe6+ Nxe6 43. Bf2 Nf4 44. Rc8+ Kf7 45. Be3 Nd3 46. Rc7+ Kg8 47. Rd7 Nb4 48. a4 Nc2 49. Bf2 f5 50. Rxd5 1-0

[Event "EU-ch U10 Girls"]
[Site "Bratislava"]
[Date "2019.08.09"]
[Round "8"]
[White "Bursali, Ela"]
[Black "Liashkevich, Lizaveta"]
[Result "1/2-1/2"]
[WhiteElo "1184"]
[BlackElo "1370"]
[PlyCount "115"]
[EventDate "2019.08.02"]
[EventType "swiss"]
[EventRounds "9"]
[EventCountry "SVK"]
[SourceTitle "EXT 2020"]
[Source "ChessBase"]
[SourceDate "2019.10.17"]
[SourceVersion "1"]
[SourceVersionDate "2019.10.17"]
[SourceQuality "1"]

1. e4 c5 2. Nf3 d6 3. d4 cxd4 4. Nxd4 Nf6 5. f3 a6 6. c4 e6 7. Nc3 b6 8. Be3 Bb7 9. Be2 Be7 10. 0-0 Nbd7 11. Qd2 0-0 12. a3 Rc8 13. Rac1 Nc5 14. b4 Ncd7 15. Rc2 Ne5 16. Na4 Rb8 17. Rfc1 Ng6 18. b5 axb5 19. cxb5 Nd7 20. Nc3 Nc5 21. Rb1 Ra8 22. Ra2 Qc7 23. Nb3 Rfd8 24. Kh1 Rac8 25. Nd4 Bf6 26. a4 Ra8 27. Rb4 Ne7 28. Bg5 Bxg5 29. Qxg5 h6 30. Qe3 Rdc8 31. Rc2 Rd8 32. Ra2 Rdc8 33. Rc2 e5 34. Nb3 Nxb3 35. Rxb3 Rxa4 36. Nxa4 Qxc2 37. Nxb6 Qc1+ 38. Qg1 Rc2 39. Bd3 Rc3 40. Rxc3 Qxc3 41. Be2 d5 42. exd5 Nxd5 43. Nxd5 Bxd5 44. Qd1 Bc4 45. Bxc4 Qxc4 46. Qb1 Qc7 47. b6 Qb7 48. Kg1 f6 49. Qb3+ Kh8 50. Kf2 h5 51. Qb5 g6 52. Qb4 Kg7 53. Qc5 Kh6 54. Qf8+ Kg5 55. h4+ Kf5 56. Qb4 Ke6 57. Qc4+ Kd6 58. Qb5 1/2-1/2

[Event "EU-ch U10 Girls"]
[Site "Bratislava"]
[Date "2019.08.04"]
[Round "3"]
[White "Liashkevich, Lizaveta"]
[Black "Horvathova, Hana"]
[Result "1-0"]
[WhiteElo "1370"]
[BlackElo "1271"]
[PlyCount "94"]
[EventDate "2019.08.02"]
[EventType "swiss"]
[EventRounds "9"]
[EventCountry "SVK"]
[SourceTitle "EXT 2020"]
[Source "ChessBase"]
[SourceDate "2019.10.17"]
[SourceVersion "1"]
[SourceVersionDate "2019.10.17"]
[SourceQuality "1"]

1. d4 d5 2. c4 e6 3. cxd5 exd5 4. Nc3 Nf6 5. Bg5 Be7 6. e3 c6 7. Bd3 Nbd7 8. Nf3 0-0 9. 0-0 Re8 10. Rc1 Nf8 11. h3 g6 12. a3 a5 13. Qc2 Ne6 14. Bh4 Ng7 15. Rb1 Bf5 16. b4 Bxd3 17. Qxd3 axb4 18. axb4 Nf5 19. Bxf6 Bxf6 20. b5 Nd6 21. bxc6 bxc6 22. Rb3 Rb8 23. Rxb8 Qxb8 24. Rb1 Qc7 25. Qa6 Qc8 26. Qxc8 Rxc8 27. Rb6 Bg7 28. Nxd5 cxd5 29. Rxd6 Rc1+ 30. Kh2 Rf1 31. Kg3 Rd1 32. Rxd5 h6 33. Ne5 Kf8 34. Rb5 Bxe5+ 35. Rxe5 Kg7 36. Kf3 Kf6 37. Rc5 Rd2 38. Rc4 h5 39. e4 Ke6 40. Ke3 Rd1 41. d5+ Kd6 42. Rc6+ Kd7 43. f3 Kd8 44. Kf4 Kd7 45. Ra6 Kd8 46. Ke5 Rd2 47. Kd6 Kc8 1-0

[Event "EU-ch U10 Girls"]
[Site "Bratislava"]
[Date "2019.08.03"]
[Round "2"]
[White "Alexandri, Vasiliki"]
[Black "Liashkevich, Lizaveta"]
[Result "1/2-1/2"]
[WhiteElo "1106"]
[BlackElo "1370"]
[PlyCount "96"]
[EventDate "2019.08.02"]
[EventType "swiss"]
[EventRounds "9"]
[EventCountry "SVK"]
[SourceTitle "EXT 2020"]
[Source "ChessBase"]
[SourceDate "2019.10.17"]
[SourceVersion "1"]
[SourceVersionDate "2019.10.17"]
[SourceQuality "1"]

1. d4 d5 2. c4 e6 3. cxd5 exd5 4. Nc3 Nf6 5. Bg5 Be7 6. e3 0-0 7. Bd3 h6 8. Bh4 b6 9. Nf3 Bb7 10. 0-0 Ne4 11. Bxe7 Qxe7 12. Bxe4 dxe4 13. Ne5 Nd7 14. Nxd7 Qxd7 15. Qb3 Kh8 16. a4 a5 17. Qb5 Qxb5 18. Nxb5 Rac8 19. Rfc1 c5 20. Nd6 Rc7 21. Nxb7 Rxb7 22. dxc5 bxc5 23. Rxc5 Ra8 24. Rb1 Rb4 25. b3 Kg8 26. Kf1 Kf8 27. Ke2 Ke7 28. Rc4 Ra7 29. Kd2 Rd7+ 30. Kc2 Rdb7 31. Rxb4 axb4 32. Rd1 Rd7 33. Rxd7+ Kxd7 34. f3 f5 35. fxe4 fxe4 36. Kd2 g5 37. Ke2 h5 38. h3 h4 39. Kf2 Kd6 40. g3 Kc6 41. Kg2 Kd6 42. Kh2 Kc6 43. Kg2 Kd6 44. Kf2 Kc6 45. Kg2 Kd6 46. Kh2 Kc6 47. Kg2 Kd6 48. Kf2 Kd5 1/2-1/2

[Event "EU-ch U10 Girls 28th"]
[Site "Riga"]
[Date "2018.08.23"]
[Round "4"]
[White "Huang, Wendy"]
[Black "Liashkevich, Lizaveta"]
[Result "1-0"]
[WhiteElo "1648"]
[BlackElo "1009"]
[PlyCount "77"]
[EventDate "2018.08.20"]
[EventType "swiss"]
[EventRounds "9"]
[EventCountry "LAT"]
[SourceTitle "CBM 186 Extra"]
[Source "ChessBase"]
[SourceDate "2018.08.24"]
[SourceVersion "1"]
[SourceVersionDate "2018.08.24"]
[SourceQuality "1"]

1. e4 c5 2. Nf3 d6 3. d4 cxd4 4. Nxd4 Nf6 5. Nc3 a6 6. f4 e5 7. Nf3 Nbd7 8. a4 b6 9. Bd3 Bb7 10. 0-0 Be7 11. Be3 0-0 12. Qd2 Re8 13. Rae1 Bf8 14. Kh1 Qc7 15. Nh4 Nc5 16. Bxc5 dxc5 17. b3 Rad8 18. Nf5 g6 19. fxe5 Qxe5 20. Ng3 Bg7 21. Nd1 Nxe4 22. Nxe4 Bxe4 23. Qf2 Bxg2+ 24. Kxg2 Qg5+ 25. Kh1 Qd5+ 26. Qg2 Qxg2+ 27. Kxg2 a5 28. Ne3 Kf8 29. Nc4 Rb8 30. Rxe8+ Kxe8 31. Nd6+ Kd8 32. Rxf7 Be5 33. Nc4 Bd4 34. Rxh7 g5 35. Rf7 Ke8 36. Nd6+ Kd8 37. Rf8+ Kc7 38. Nb5+ Kc6 39. Rxb8 1-0